000 00385nam a2200157Ia 4500
008 230524s9999 xx 000 0 und d
020 _a9780074630068
082 _a669.9
_bAVN
100 _aSidney H Avner
245 0 _aIntroduction to Physical Metallurgy
250 _a2
260 _aNew Delhi
_bTMH
_c2012
500 _aQuantity Number: 76
650 _aMechanics
942 _cBK
999 _c51369
_d51369